Hands-on math projects with real-life applications

Hands-on math projects with real-life applications, second edition offers an exciting collection of 60 hans-on projects to help students in grades 6-12 apply math concepts and skill to solving everyday, real-life problems! The book is filled with classroom-testted projects that emphasize : cooperati...

תיאור מלא

שמור ב:
מידע ביבליוגרפי
מחבר ראשי: Muschla, Judith A.
פורמט: ספר
שפה:Undetermined
יצא לאור: San Francisco Jossey-Bass 2006
נושאים:
תגים: הוספת תג
אין תגיות, היה/י הראשונ/ה לתייג את הרשומה!
Thư viện lưu trữ: Trung tâm Học liệu Trường Đại học Cần Thơ
LEADER 00996nam a2200217Ia 4500
001 CTU_123913
008 210402s9999 xx 000 0 und d
020 |c 479000 
082 |a 510 
082 |b M985 
100 |a Muschla, Judith A. 
245 0 |a Hands-on math projects with real-life applications 
245 0 |c Judith A. Muschla, Gary Robert Muschla. 
260 |a San Francisco 
260 |b Jossey-Bass 
260 |c 2006 
520 |a Hands-on math projects with real-life applications, second edition offers an exciting collection of 60 hans-on projects to help students in grades 6-12 apply math concepts and skill to solving everyday, real-life problems! The book is filled with classroom-testted projects that emphasize : cooperative learning, group sharing, verbalizing concepts and idea. 
650 |a Mathematics,Activity programs in education 
650 |x study and teaching.,activity programs 
904 |i Năm 
980 |a Trung tâm Học liệu Trường Đại học Cần Thơ